Sur les traces de Balzac en Tchéco-Slovaquie

Stopy prieniku francúzskej literatúry do kultúrneho kontextu bývalého Československa. Posledné desaťročia rakúsko-uhorskej monarchie. Vybrané diela a ich ohlasy v rôznych historicko-politických kontextoch. Dominantná prítomnosť Balzacových diel v období socializmu a ich spolitizovaná recepcia.

Saved in:
Bibliographic Details
Main Author: Jančok, Ľubomír
Format: Book Chapter
Language:French
Subjects:
Tags: Add Tag
No Tags, Be the first to tag this record!

MARC

LEADER 00000nla a2200000 4500
001 0209701
005 20240502073503.7
041 0 |a fre 
044 |a SK 
245 1 0 |a Sur les traces de Balzac en Tchéco-Slovaquie  |c Ľubomír Jančok 
520 |a Stopy prieniku francúzskej literatúry do kultúrneho kontextu bývalého Československa. Posledné desaťročia rakúsko-uhorskej monarchie. Vybrané diela a ich ohlasy v rôznych historicko-politických kontextoch. Dominantná prítomnosť Balzacových diel v období socializmu a ich spolitizovaná recepcia. 
610 2 0 |a literatúra 
610 2 0 |a kultúra 
610 2 0 |a história 
610 2 0 |a francúzština 
610 2 0 |a preklady 
100 1 |a Jančok, Ľubomír